F1 Las Vegas GP 2023 Race Results - Statistics

General Stats
  • This quiz has been taken 75 times
  • The average score is 15 of 20
Answer Stats
Position Driver Gap % Correct
1. Max Verstappen
100%
2. Charles Leclerc +2.070
95%
3. Sergio Perez +2.241
93%
20. Lando Norris DNF
82%
4. Esteban Ocon +18.665
77%
10. Oscar Piastri +29.496
77%
5. Lance Stroll +20.067
75%
7. Lewis Hamilton +21.755
75%
12. Alexander Albon +43.398
74%
6. Carlos Sainz +20.834
74%
9. Fernando Alonso +25.834
70%
8. George Russell +23.091
70%
17. Valtteri Bottas +1:25.350
70%
18. Yuki Tsunoda DNF
70%
11. Pierre Gasly +34.270
69%
14. Daniel Ricciardo +48.525
66%
19. Nico Hülkenberg DNF
66%
13. Kevin Magnussen +44.825
64%
16. Logan Sargeant +50.882
62%
15. Guanyu Zhou +50.162
61%
No matching quizzes found
Score Distribution
Percent of People with Each Score
Percentile by Number Answered
Your Score History
You have not taken this quiz